| 000 | 00433nam a2200157Ia 4500 | ||
|---|---|---|---|
| 005 | 20250429111337.0 | ||
| 008 | 231217s9999 xx 000 0 und d | ||
| 020 | _a9780131070462 | ||
| 082 | _a001.6424WIN SPE;1 R | ||
| 100 | _aSpeneer, Kenneth L. | ||
| 245 | 0 | _aNT server : management and control | |
| 260 |
_c1996 _bPrentice Hall _aNew Jersey |
||
| 300 | _axxviii+379 | ||
| 650 | _aNT,server,management,control | ||
| 942 | _cAA | ||
| 999 |
_c182585 _d182585 |
||